Central Library OPAC University of Rajshahi

Freedom under planning / (Record no. 41794)

MARC details
000 -LEADER
fixed length control field 00617nam a2200229 a 4500
001 - CONTROL NUMBER
control field 41794
003 - CONTROL NUMBER IDENTIFIER
rucl marc code (BD-rjul)
005 - DATE AND TIME OF LATEST TRANSACTION
control field 20211209053442.0
008 - FIXED-LENGTH DATA ELEMENTS--GENERAL INFORMATION
fixed length control field 880808s1945 enk 000 0 eng
035 ## - SYSTEM CONTROL NUMBER
System control number 45-08564
System control number (OCoLC)1211276
040 ## - CATALOGING SOURCE
Original cataloging agency DLC
Transcribing agency ZPM
Modifying agency OCL
Language of cataloging eng
041 ## - LANGUAGE CODE
Language code of text/sound track or separate title eng
082 ## - DEWEY DECIMAL CLASSIFICATION NUMBER
Edition number 23
Classification number 338.91
Author mark and year WOF 1947
100 1# - MAIN ENTRY--PERSONAL NAME
Personal name Wootton, Barbara,
Dates associated with a name 1897-1988
9 (RLIN) 128394
245 10 - TITLE STATEMENT
Title Freedom under planning /
Statement of responsibility, etc. by Barbara Wootton
260 ## - PUBLICATION, DISTRIBUTION, ETC. (IMPRINT)
Place of publication, distribution, etc. London :
Name of publisher, distributor, etc. George Allen & Unwin,
Date of publication, distribution, etc. 1945
300 ## - PHYSICAL DESCRIPTION
Pagination 163 p. ;
Size 19 cm
650 #0 - SUBJECT ADDED ENTRY--TOPICAL TERM
Topical term or geographic name as entry element Economic policy
9 (RLIN) 116878
942 ## - ADDED ENTRY ELEMENTS (KOHA)
Source of classification or shelving scheme Dewey Decimal Classification
Koha item type Books
Holdings
Lost status Source of classification or shelving scheme Damaged status Not for loan Collection code Permanent Location Current Location Shelving location Date acquired Source of acquisition Total Checkouts Full call number Date last seen Copy number Koha item type
  Dewey Decimal Classification     Non-fiction Central Library, University of Rajshahi Central Library, University of Rajshahi   22/08/1956 Asia foundation   338.91 WOF 1947 06/06/2016 C-2 Books